| 000 | 01592cam a2200421 i 4500 | ||
|---|---|---|---|
| 001 | 1486 | ||
| 005 | 20230828151059.0 | ||
| 008 | 160415s2016 nyua c 000 1 eng | ||
| 020 | _a9781481437868 (hardback) | ||
| 020 | _a9781481437875 (paperback) | ||
| 020 | _z9781481437882 (eBook) | ||
| 020 | _a9781338132557 | ||
| 040 |
_aDLC _beng _cDLC _erda _dDLC _dFISKH |
||
| 050 | 0 | 0 |
_aPZ7.5.D66 _bSom 2016 |
| 082 | 0 | 0 |
_a[Fic] _223 |
| 100 | 1 |
_aDonwerth-Chikamatsu, Annie, _eauthor. |
|
| 245 | 1 | 0 |
_aSomewhere among / _cAnnie Donwerth-Chikamatsu. |
| 250 | _aFirst Scholastic printing, September 2016 | ||
| 260 |
_aNew York : _bScholastic, _c2016 |
||
| 300 |
_a441 pages : _billustrations ; _c22 cm |
||
| 500 | _a"A Caitlyn Dlouhy Book." | ||
| 505 | _aO | ||
| 520 | _aEleven-year-old Emma's life in Tokyo changes for the worse when she and her American mother, who is pregnant, must move in with her Japanese grandmother the summer before 9/11 changes the world. | ||
| 521 | 1 |
_a840
_bLexile |
|
| 521 | 1 |
_aO
_bRaz-Plus |
|
| 650 | 1 |
_aFamily life _zJapan _vFiction. |
|
| 650 | 1 |
_aBelonging _vFiction. |
|
| 650 | 1 |
_aRacially mixed people _vFiction. |
|
| 650 | 1 |
_aGrandmothers _vFiction. |
|
| 650 | 1 |
_aPregnancy _vFiction. |
|
| 650 | 1 |
_aSeptember 11 Terrorist Attacks, 2001 _vFiction. |
|
| 650 | 1 | _aNovels in verse. | |
| 650 | 7 |
_aJUVENILE FICTION / People & Places / Asia. _2bisacsh |
|
| 650 | 7 |
_aJUVENILE FICTION / Stories in Verse. _2bisacsh |
|
| 650 | 7 |
_aJUVENILE FICTION / Family / New Baby. _2bisacsh |
|
| 906 |
_a7 _bcbc _corignew _d1 _eecip _f20 _gy-gencatlg |
||
| 942 |
_2ddc _cBK _n0 |
||
| 999 |
_c1486 _d1486 |
||